00255nam a2200109Ia 4500008004100000020001800041082001600059100002000075245003100095260000800126500001100134260604s9999 xx 000 0 und d a9789393285782 a891.433 SUK aACHARYA RAMCHAN 0aJAYASI BIBLIOGRAPHY(HINDI) bDPS aJayasi